Statistiques concernant Les 5 Capitales les plus proche de Nouakchott, Praia, Dakar, Banjul et Bissau

Cliquez ici pour prendre le quiz!

Statistiques générales

  • Ce quiz a été pris 66 fois
  • Le résultat moyen est 6 sur 7

Statistiques - réponses

Réponse% Correct
Bissau
100%
Dakar
98%
Banjul
97%
Praia
97%
Nouakchott
92%
Freetown
83%
Conakry
75%

Distribution des résultats

Percentile par nombre de réponses

% des personnes avec chaque résultat

Votre développement - résultats

Vous n’avez pas pris ce quiz